Search the Library Catalogue
| 000 -LEADER | |
|---|---|
| fixed length control field | 00802nam a2200253Ia 4500 |
| 008 - FIXED-LENGTH DATA ELEMENTS--GENERAL INFORMATION | |
| fixed length control field | 191130s2003##################000#0#eng## |
| 020 ## - INTERNATIONAL STANDARD BOOK NUMBER | |
| ISBN | 9783540021094 |
| 082 ## - DEWEY DECIMAL CLASSIFICATION NUMBER | |
| Classification number | 535.2 DEN |
| 100 ## - MAIN ENTRY--AUTHOR NAME | |
| Personal name | Denz, Cornelia |
| 245 ## - TITLE STATEMENT | |
| Title | Transverse-pattern formation in photorefractive optics |
| Statement of responsibility, etc | Cornelia Denz, Michael Schwab, Carsten Weilnau |
| 260 ## - PUBLICATION, DISTRIBUTION, ETC. (IMPRINT) | |
| Place of publication | Berlin |
| Name of publisher | Springer |
| Year of publication | c2003 |
| 300 ## - PHYSICAL DESCRIPTION | |
| Number of Pages | xviii, 331 p. : ill. ; 25 cm |
| 500 ## - GENERAL NOTE | |
| General note | Includes bibliographical references and index |
| 650 ## - SUBJECT ADDED ENTRY--TOPICAL TERM | |
| Topical Term | Nonlinear optics |
| Topical Term | Pattern formation (Physical sciences) |
| Topical Term | Photorefractive materials |
| 700 ## - ADDED ENTRY--PERSONAL NAME | |
| Personal name | Schwab, Michael |
| Personal name | Weilnau, Carsten |
| 991 ## - | |
| -- | 270234 |
| Withdrawn status | Lost status | Damaged status | Not for loan | Home library | Current library | Shelving location | Date acquired | Full call number | Accession Number | Price effective from | Koha item type |
|---|---|---|---|---|---|---|---|---|---|---|---|
| Anna Centenary Library | Anna Centenary Library | 5TH FLOOR, A WING | 09.10.2020 | 535.2 DEN | 304724 | 09.10.2020 | English Books |